| 000 | 00583nam a2200169 i 4500 | ||
|---|---|---|---|
| 001 | 43642 | ||
| 003 | ES-MaACL | ||
| 005 | 20230906160841.0 | ||
| 007 | t| | ||
| 008 | 030318s1970 sp ||||1| spa d | ||
| 100 | 1 |
_aCervera Enguix, Salvador. _937639 |
|
| 245 | 1 | 0 |
_aAspectos etiológicos y sociales de la deficiencia mental / _cpor Salvador Cervera Enguix. |
| 260 |
_aMadrid : _bConfederación Española de Cajas de Ahorros, _c[1970] |
||
| 300 |
_a285 p. : _bil. ; _c25 cm. |
||
| 710 | 2 |
_aConfederación Española de Cajas de Ahorros. _93148 |
|
| 852 |
_aES-MaACL _jC-37703 _bR.74018 |
||
| 999 |
_c43642 _d43642 |
||